000 00517nam a2200229Ia 4500
001 13081
003 GE_BSU
008 181216s||||||||xx |||||||||||||| ||und||
020 _a9780140366716
040 _cGE_BSU
080 _a821.111-3
100 _aNesbit,E;
245 4 _aThe Railway Children.
245 _cWith illustrations by C.E.Brock.
260 _aLondon.
260 _bPuffin Books.
260 _c1994
300 _a267p;20cm.
300 _bill.
653 _aThe Railway Children.
942 _cBK
999 _c46248
_d46248